| 000 | 00463 a2200181 4500 | ||
|---|---|---|---|
| 001 | 115141 | ||
| 020 | _a9788574063881 | ||
| 041 | _apor | ||
| 090 | _aLibrary 912 | ||
| 250 | _a. ed. | ||
| 300 | _a61 p. | ||
| 697 | _aGeography | ||
| 040 |
_aBR-BrIDEA _cBR-BrIDEA |
||
| 100 |
_aAdams, Simon _d1955 |
||
| 245 | 1 | 0 |
_aO mais sensacional atlas do mundo todo _b: por ideias-brilhantes _c Simon Adams |
| 260 |
_a[S.l.] _bCompanhia das Letrinhas _c2009 |
||
| 942 | _cBK | ||
| 999 |
_c115141 _d115141 |
||